Radiative Heat Transfer /

Guardado en:
Detalles Bibliográficos
Autores principales: Modest, Michael F. (Autor), Mazumder, Sandip (Autor)
Formato: Libro
Lenguaje:inglés
Publicado: London : Elsevier, 2022
Edición:Fourth Edition
Etiquetas: Agregar Etiqueta
Sin Etiquetas, Sea el primero en etiquetar este registro!

MARC

LEADER 00000nam a22000003a 4500
001 0097966
003 SK-STU
005 20221031092748.0
007 ta
008 221031s ----xo-----e------000-0-----d
020 |a 978-0-323-98406-5 
040 |a STU  |b slo 
041 0 |a eng 
044 |a xxk 
100 1 |a Modest, Michael F.  |4 aut  |r Z6 
245 1 0 |a Radiative Heat Transfer /  |c aut. Michael F Modest, Sandip Mazumder 
250 |a Fourth Edition 
260 |a London :  |b Elsevier,  |c 2022 
300 |a 987 s. 
700 1 |a Mazumder, Sandip  |r Z6  |4 aut 
996 |b 284EK90311  |c E* 90311  |l EE36  |s P  |a 0  |w 0097966_0001